Entry Personal Name
Number of records used in: 2
001 - CONTROL NUMBER
003 - CONTROL NUMBER IDENTIFIER
005 - DATE AND TIME OF LATEST TRANSACTION
- control field:
20220926132247.0
008 - FIXED-LENGTH DATA ELEMENTS
- fixed length control field:
870715n| acannaab| |n aaa |||
010 ## - LIBRARY OF CONGRESS CONTROL NUMBER
- LC control number:
n 87932466
040 ## - CATALOGING SOURCE
- Original cataloging agency:
DLC
- Transcribing agency:
DLC
- Modifying agency:
DLC
100 10 - HEADING--PERSONAL NAME
- Personal name:
Wong, Noble P.
670 ## - SOURCE DATA FOUND
- Source citation:
Fundamentals of dairy chemistry, 1988:
- Information found:
CIP t.p. (Noble P. Wong) galley (USDA, Beltsville Agr. Res. Ctr., Beltsville, Md.)